Aspekty účinného využitia informačných a komunikačných technológií vo vybraných podnikoch služieb podporujúce ich konkurencieschopnosť
Identifikácia kľúčových oblastí zavedenia IKT vo vybraných odboroch služieb, determinujúce účinné využitie IKT a podporujúce konkurencieschopnosť podnikov služieb.
Salvato in:
| Autore principale: | |
|---|---|
| Natura: | Capitolo di libro |
| Lingua: | slovacco |
| Soggetti: | |
| Tags: |
Nessun Tag, puoi essere il primo ad aggiungerne!!
|
MARC
| LEADER | 00000nla a2200000 4500 | ||
|---|---|---|---|
| 001 | 0167212 | ||
| 005 | 20240502072921.3 | ||
| 041 | 0 | |a slo | |
| 044 | |a SK | ||
| 245 | 1 | 0 | |a Aspekty účinného využitia informačných a komunikačných technológií vo vybraných podnikoch služieb podporujúce ich konkurencieschopnosť |c Dana Benešová |
| 520 | |a Identifikácia kľúčových oblastí zavedenia IKT vo vybraných odboroch služieb, determinujúce účinné využitie IKT a podporujúce konkurencieschopnosť podnikov služieb. | ||
| 610 | 2 | 0 | |a služby |
| 610 | 2 | 0 | |a podnik služieb |
| 610 | 2 | 0 | |a služby nevýrobné |
| 610 | 2 | 0 | |a ruch cestovný |
| 610 | 2 | 0 | |a konkurencieschopnosť |
| 610 | 2 | 0 | |a technológie informačné |
| 610 | 2 | 0 | |a technológie komunikačné |
| 100 | 1 | |a Benešová, Dana, 1958- | |